[Event "Copenhagen Challenge IM 2020"]
[Site "Ballerup"]
[Date "2020.07.25"]
[Round "7.8"]
[White "Brondt, Nicolai Kvist"]
[Black "Akdag, Dara"]
[Result "1-0"]
[WhiteElo "2223"]
[BlackElo "2244"]
[Annotator "TA"]
[PlyCount "67"]
[EventDate "2020.07.22"]
[EventType "tourn"]
[EventCountry "DEN"]
[SourceTitle "playchess.com"]
[Source "ChessBase"]
[SourceQuality "1"]

{[%evp 14,67,43,17,17,20,41,36,31,27,77,39,90,88,117,106,95,0,176,168,145,-52,-35,-118,-120,-116,-121,-141,-157,-145,-35,-42,0,-18,-18,-8,0,-113,89,89,93,82,89,88,88,91,53,93,701,663,709,433,29992,1106,29982,12762]} 1. Nf3 Nf6 2. c4 g6 3. g3 Bg7 4. Bg2 O-O 5. O-O d6 6. d4 Nc6 7. Nc3 a6 8. Bf4 {Recently 8.b3 got a lot of attention.} Rb8 {E63: King's Indian: Fianchetto: Panno Variation with 7...a6.} 9. Rc1 h6 10. h3 g5 {White is slightly better.} 11. Be3 Bd7 {[#]} 12. b3 $146 (12. d5 $5 {[%cal Rd5c6]}) ({Predecessor:} 12. d5 Na5 13. c5 Nc4 14. Bd4 dxc5 15. Bxc5 b6 16. Bd4 c5 17. dxc6 Bxc6 18. Nb1 {½-½ (29) Jojua,D (2579)-Mamedov,R (2650) Jerusalem 2015}) 12... b5 ({Better is} 12... e5 $14) 13. d5 $16 Na5 {[%cal Bc6a5,Ba5c4,Bc4e3][%mdl 32]} 14. cxb5 axb5 15. Nd4 ({White should try} 15. h4 $16) 15... e5 $2 (15... b4 $11 16. Na4 e6) 16. dxe6 $1 $18 fxe6 17. b4 $2 ({White must play} 17. Ncxb5 $1 $16 Rxb5 18. Nxb5 Bxb5 19. Bd2) 17... Nc4 $15 18. Nc6 (18. Bd2 $15) 18... Bxc6 19. Bxc6 Nxe3 20. fxe3 d5 $1 {And now ...Qd6! would win.} 21. Kg2 Rb6 ({Black should play} 21... Qd6 $17 22. Nxb5 Qxb4) 22. Nxb5 Ne4 23. Rf3 Qe7 24. a3 Be5 25. Qc2 {[#]} (25. Qd3 $11) 25... Bxg3 $2 {[#]} (25... g4 $1 $17 {[%cal Rg4f3][%mdl 512]} 26. hxg4 Qg5 27. Bxd5 (27. Rcf1 Rd8 $17) 27... exd5 28. Nxc7 Qd8) 26. Rcf1 $1 $16 ({Worse is} 26. Rxg3 Rf2+ 27. Kg1 Qf6 $19) 26... Rbb8 {Strongly threatening ...Be5.} 27. Nc3 {[#]} g4 $1 {[%mdl 512]} 28. Rxf8+ (28. hxg4 Qh4) 28... Rxf8 29. Rxf8+ Qxf8 30. Nxe4 gxh3+ $2 {[%mdl 8192] Now Black is done in.} (30... Be1 $16 31. Bxd5 (31. hxg4 dxe4 32. Qxe4 Qf2+ {[%mdl 64] Double Attack} 33. Kh1 Qh4+ 34. Kg2 Qg3+ 35. Kh1 Qh4+ 36. Kg2 Qg3+ 37. Kh1 Qh4+ $11) 31... exd5) 31. Kxg3 $18 Qf1 32. Nf6+ Kf8 (32... Qxf6 $18 33. Qc1 (33. Kxh3 Qf1+ 34. Kg4 Qg1+ 35. Kh3 Qh1+ 36. Kg4 Qg1+ 37. Kh3 Qf1+ 38. Kg3 Qg1+ 39. Kh3 $16) 33... h2 {[%mdl 64] Decoy} 34. Kxh2 Qf2+ 35. Kh3 Qxe2 36. Qg1+ Kf7) 33. Nd7+ (33. Qc5+ $142 Kg7 34. Qe7+ {[%mdl 64] Double Attack} Kg6 35. Be8+ Kf5 36. Qh7+ {[%mdl 64] Double Attack} Kxf6 37. Qf7+ Ke5 38. Qxf1 Kd6 39. Qf8+ {[%mdl 64] Double Attack} Ke5 40. Qf4#) 33... Ke7 34. Qc5+ {Accuracy: White = 61%, Black = 49%.} 1-0

[Event "Copenhagen Challenge IM 2020"]
[Site "Ballerup"]
[Date "2020.07.25"]
[Round "7.9"]
[White "Ingebretsen, Jens E"]
[Black "Nielsen, Viktor Haarmark"]
[Result "1/2-1/2"]
[WhiteElo "2182"]
[BlackElo "2301"]
[Annotator "TA"]
[PlyCount "176"]
[EventDate "2020.07.22"]
[EventType "tourn"]
[EventCountry "DEN"]
[SourceTitle "playchess.com"]
[Source "ChessBase"]
[SourceQuality "1"]

{[%evp 22,176,46,42,23,20,29,28,24,20,33,47,160,61,102,25,25,24,24,24,31,24,34,35,122,127,131,110,112,66,54,61,63,61,125,114,131,131,137,142,157,125,125,125,158,133,140,144,209,217,210,204,185,51,52,60,61,56,60,15,118,124,120,114,85,78,78,78,78,78,78,78,78,78,78,78,78,0,78,0,78,78,102,102,102,102,102,102,102,102,102,102,102,102,102,102,102,0,102,0,102,102,102,0,102,0,102,102,102,65,65,65,65,65,65,65,65,65,65,65,65,65,112,0,150,65,65,65,65,65,65,65,65,65,65,0,65,0,65,0,168,65,65,65,65,65,95,65,65,65,65,65,65,65,65,0,65]} 1. c4 c5 2. Nf3 Nc6 3. Nc3 g6 4. e3 Nf6 5. d4 cxd4 6. exd4 d5 7. cxd5 Nxd5 8. Qb3 Nxc3 9. Bc4 Nd5 10. Bxd5 e6 11. Bxc6+ bxc6 12. O-O Qd5 {A35: Symmetrical English: 2 Nc3 Nc6 3 Nf3.} 13. Qa4 Bg7 14. Bf4 O-O {White has an edge.} 15. Rac1 {[#]} Rd8 $146 ({Predecessor:} 15... Qb5 16. Qxb5 cxb5 17. Rc7 Rd8 18. Rfc1 Bd7 19. Bg5 f6 20. Bf4 g5 21. Be3 Bf8 {1-0 (69) Andrijevic,M (2289)-Savic,N (2157) Belgrade 2017}) 16. Rc5 (16. Qxc6 Qxc6 17. Rxc6 Bb7 $15) 16... Qe4 (16... Qd7 $1 $14) 17. Be5 (17. Qxc6 Qxc6 18. Rxc6 Bb7 $15) (17. Bc7 $16 Rxd4 18. Nxd4 Bxd4 19. Qxc6 Qxc6 20. Rxc6) 17... Bf8 18. Qxc6 (18. Re1 $16 Qd3 19. Bf6 (19. Rxc6 Bd7 $14) 19... Bxc5 20. dxc5 (20. Bxd8 Qa6 $11)) 18... Bb7 $11 19. Qxe4 Bxe4 20. Rc3 Bb4 21. Rc4 Be7 22. Rc7 Bd6 (22... Kf8 $14) 23. Bxd6 $16 Rxd6 24. Ng5 $36 {[%mdl 2048] White is in control.} Rc6 25. Rxc6 (25. Rxf7 h6 $17) 25... Bxc6 {[%mdl 4096] Endgame KRB-KRN} 26. Rc1 Bd5 27. Rc7 Bxa2 (27... e5 $14) 28. Nxf7 Rb8 29. Rxa7 {Hoping for Nh6+.} Rxb2 {[%cal Rb2b1]} 30. Nh6+ Kh8 {[%cal Rb2b1]} 31. h3 Bd5 32. Ng4 Bb7 33. Nf6 g5 34. Ne8 h6 (34... Rb6 $16 35. Nc7 h6 36. Nxe6 Bxg2) 35. Nd6 $1 $18 Bd5 {[#]} 36. Nf7+ $1 Kg7 {[#]} 37. Ne5+ (37. Nxg5+ $1 $18 Kg6 38. Nf7) 37... Bb7 $14 38. Kh2 {Threatens to win with Nd3.} Kf6 39. f3 Rb4 40. Nd7+ Kf5 (40... Kg6 $1 $11) 41. Nc5 $16 Bd5 42. Nd3 {White wants to mate with Rf7+.} Rb7 ({Weaker is} 42... Rxd4 43. Rf7+ Kg6 44. Ne5+ Kh5 45. g4+ Rxg4 46. fxg4+ Kh4 47. Ng6#) 43. Rxb7 Bxb7 {KB-KN} 44. g4+ Kf6 45. Kg3 Bd5 46. Ne5 Bb3 47. Kf2 Bc2 48. Ke3 Ba4 49. Kf2 Bc2 $1 50. Kg3 (50. Ke2 $16) 50... Ba4 (50... Bb3 $11) 51. h4 Be8 52. h5 Bb5 53. Kf2 Ba4 54. Ke3 Bd1 55. Kd2 Ba4 56. Kc3 Bd1 57. Kb4 Ke7 58. Kc5 Be2 59. Kb4 Bd1 $1 60. Kc3 Kf6 61. Kd3 Ba4 62. Ke3 ({White should try} 62. Kd2 $16) 62... Bc2 (62... Bd1 $1 $11 {remains equal.}) 63. Kf2 ({Better is} 63. Nc4 $16) 63... Bd1 (63... Ba4 $1 $11) 64. Kg3 Bc2 65. f4 gxf4+ 66. Kxf4 Bd1 67. Nd3 Be2 68. Nf2 Kf7 69. Ne4 Bd3 70. Ke5 Ke7 71. Ng3 Bc4 72. Ne4 (72. Kf4 $16) 72... Be2 (72... Bd3 $1 $11) 73. Kf4 (73. g5 $16 hxg5 74. h6 (74. Nxg5 Bxh5 75. Nxe6 Bf7 $11)) 73... Bd3 $14 74. Nc5 Be2 75. Na4 Kf6 76. Nb6 Bb5 77. Nc8 Be2 78. Nd6 ({Only move:} 78. Na7 $1 $14) 78... Bd3 (78... Ke7 $11 79. Ne4 Bd3) 79. Ne4+ Ke7 80. Ke5 (80. Kf3 $14) 80... Be2 $18 81. Nf2 (81. g5 $18 hxg5 82. h6 (82. Nxg5 Bxh5 83. Nxe6 Bf7 $11)) 81... Bf3 82. Kf4 $1 {[%cal Rf4f3]} Be2 83. Ke3 Bc4 84. Kf3 Bb5 85. Nd1 Kf6 86. Kf4 Be2 87. Nc3 Bd3 88. Ne4+ Ke7 {White really could win this. Accuracy: White = 73%, Black = 74%.} 1/2-1/2

[Event "Copenhagen Challenge IM 2020"]
[Site "Ballerup"]
[Date "2020.07.25"]
[Round "7.10"]
[White "Brynell, Stellan"]
[Black "Vesterli, Michael E."]
[Result "1/2-1/2"]
[WhiteElo "2414"]
[BlackElo "2266"]
[Annotator "TA"]
[PlyCount "56"]
[EventDate "2020.07.22"]
[EventType "tourn"]
[EventCountry "DEN"]
[SourceTitle "playchess.com"]
[Source "ChessBase"]
[SourceQuality "1"]

{[%evp 22,56,17,-23,25,30,22,9,18,7,18,17,44,16,15,21,54,49,112,113,97,80,107,54,106,77,110,87,75,47,48,0,69,0,56,0,64]} 1. d4 Nf6 2. Nf3 g6 3. g3 Bg7 4. Bg2 O-O 5. O-O d6 6. c4 Nc6 7. Nc3 a6 8. b3 Rb8 9. Bb2 b5 10. d5 Na5 11. cxb5 axb5 12. Nd4 Bd7 {E63: King's Indian: Fianchetto: Panno Variation with 7...a6.} 13. Qd2 b4 14. Nd1 e6 15. e4 c5 16. dxc6 $1 Nxc6 17. Rc1 Nxd4 18. Bxd4 {[#]} Bb5 $146 ({Predecessor:} 18... e5 19. Ba1 Be6 20. Nb2 d5 21. exd5 Nxd5 22. Nc4 Rc8 23. Rfd1 Nc3 24. Bxc3 bxc3 25. Qxc3 Qc7 26. Qa5 {½-½ (26) Djonovic,M (2087)-Borozan,N (2079) Podgorica 2014}) 19. Re1 Qa5 ({Better is} 19... Qe7 $14) 20. a4 $16 Ba6 21. Ne3 Rfd8 22. h3 ({White should play} 22. Rc6 $16) 22... Bb7 (22... e5 $14 23. Bb2 Bb7) 23. Nc4 $36 {[%mdl 2048] White is on the roll.} Qa6 24. Bf1 Qa8 25. Nb6 Qa5 26. Nc4 Qa8 $1 27. Nb6 Qa5 28. Nc4 Qa8 $1 {Accuracy: White = 80%, Black = 57%.} 1/2-1/2

[Event "Copenhagen Challenge IM 2020"]
[Site "Ballerup"]
[Date "2020.07.26"]
[Round "8.6"]
[White "Vesterli, Michael E."]
[Black "Heimisson, Hilmir Freyr"]
[Result "0-1"]
[WhiteElo "2266"]
[BlackElo "2309"]
[Annotator "TA"]
[PlyCount "102"]
[EventDate "2020.07.22"]
[EventType "tourn"]
[EventCountry "DEN"]
[SourceTitle "playchess.com"]
[Source "ChessBase"]
[SourceQuality "1"]

{[%evp 17,102,0,0,-27,-27,-56,-54,-42,-41,-38,-37,-39,-30,-38,0,-19,-5,-14,-11,-6,47,47,47,50,58,30,51,23,35,43,39,31,85,86,78,87,80,70,113,125,120,114,121,120,111,118,131,82,122,88,91,20,20,-23,0,0,0,0,0,0,0,-17,-22,-146,-136,-129,-2,-310,-301,-514,-506,-492,-439,-615,-612,-556,-457,-420,-422,-524,-214,-437,-405,-1008,-963,-29993,-29994]} 1. d4 Nf6 2. Nc3 d6 3. e4 e5 4. dxe5 dxe5 5. Qxd8+ Kxd8 6. Nf3 Bd6 7. Bg5 Be6 8. O-O-O Nbd7 9. Bxf6+ gxf6 10. Nh4 {B07: Pirc Defence: Miscellaneous Systems.} Bc5 11. Rd2 c6 {[#]} 12. Kb1 $146 {Black is slightly better.} ({Predecessor:} 12. Na4 Bf8 13. Kb1 Kc7 14. Be2 b5 15. Nc3 Bb4 16. Rd3 Nc5 17. Re3 Bxc3 18. bxc3 {0-1 (45) Inkiov,V (2505)-Spasov,V (2575) Sofia 1996}) 12... Kc7 13. Nd1 b5 14. Be2 Bb4 15. c3 $1 {[%cal Rc3b4]} Bf8 16. Ne3 Nc5 17. Bf3 a5 18. Nhf5 $132 {[%mdl 2048] White has counterplay} b4 (18... Rd8 $11 19. Rxd8 Kxd8) 19. cxb4 $14 axb4 20. b3 Ra5 21. h4 Nb7 22. Rhd1 Bc5 23. Be2 Rha8 {Hoping for ...Bxe3.} 24. Bc4 Bd4 (24... h5 $14) 25. Bxe6 $16 fxe6 26. Nxd4 exd4 27. Nc4 $1 {[%cal Rc4a5]} c5 28. Nxa5 Rxa5 {[%mdl 4096] Endgame KRR-KRN} 29. e5 fxe5 30. Re1 Kd6 31. Rde2 c4 32. bxc4 {And now f4! would win.} d3 33. Rb2 Ra4 34. Re3 (34. f3 $16) 34... Nc5 $11 35. f3 Ra3 36. Re1 Rc3 37. Rc1 (37. Rxb4 $2 d2 $19) 37... e4 38. fxe4 (38. Rxb4 $2 d2 $3 $19 {[%mdl 512]}) 38... Ke5 39. Re1 ({Wrong is} 39. Rxb4 $2 d2 $1 $19 {[%mdl 512]}) 39... Kd4 40. Rf2 ({Don't blunder} 40. Rxb4 $2 d2 $19) (40. e5 $1 $11) 40... b3 $1 $17 41. axb3 Nxb3 ({Black should play} 41... Rxb3+ $17 42. Ka2 Rc3) 42. Kb2 $2 {[%mdl 8192] [#] Loses the game.} (42. e5 $1 $11 {and White is okay.} d2 43. Ref1) 42... Na5 $1 $19 43. g4 $2 (43. Kb1 Nxc4 44. Rd1) 43... Nxc4+ 44. Kb1 Rb3+ 45. Kc1 (45. Ka2 $142 d2 46. Ref1 Rb2+ 47. Ka1) 45... Kc3 {( -> ...Na3)} 46. Rd1 Ne3 47. Rdd2 Nxg4 48. Rf7 {[#]} Ne5 (48... Rb1+ $142 $3 {[%mdl 512]} 49. Kxb1 Kxd2 50. Rxh7 Ke2) 49. Rxh7 $2 (49. Rc7+ {was the only chance.} Nc4 50. Ra2) 49... Nc4 50. Rc7 (50. Ra2 $142 d2+ 51. Rxd2 Nxd2 52. Kd1) 50... Ra3 {[%cal Ra3a1]} 51. Rb2 Ra1+ {Accuracy: White = 50%, Black = 72%.} 0-1

[Event "Copenhagen Challenge IM 2020"]
[Site "Ballerup"]
[Date "2020.07.26"]
[Round "8.7"]
[White "Nielsen, Viktor Haarmark"]
[Black "Brondt, Nicolai Kvist"]
[Result "1-0"]
[WhiteElo "2301"]
[BlackElo "2223"]
[Annotator "TA"]
[PlyCount "150"]
[EventDate "2020.07.22"]
[EventType "tourn"]
[EventCountry "DEN"]
[SourceTitle "playchess.com"]
[Source "ChessBase"]
[SourceQuality "1"]

{[%evp 11,150,30,49,26,21,21,32,32,28,29,24,31,29,32,26,27,19,8,18,19,37,24,70,31,61,54,47,46,169,87,93,93,124,64,84,35,35,36,30,26,31,26,43,6,12,0,4,4,56,22,25,0,0,0,0,0,0,0,8,8,8,8,8,8,8,8,8,8,8,8,8,8,8,8,8,8,8,8,8,8,8,8,8,8,8,8,8,8,8,8,8,8,29952,29955,29952,29954,29955,29957,29965,29966,29964,29967,29967,29968,29968,29969,29970,29970,29970,29971,29971,29972,29972,29974,29973,29975,29976,29977,29977,29977,29977,29978,29978,29979,29979,29980,29980,29981,29981,29981,29984,29985,29987,29988,29989,29990,29990,29991,29991,29992,29993]} 1. e4 c5 2. Nf3 e6 3. d4 cxd4 4. Nxd4 Nc6 5. Nc3 Qc7 6. Be3 a6 7. Qf3 $1 {[%mdl 4] is recently more successful than 7.Qd2. Played by Leinier Dominguez Perez in July 2020. B48: Sicilian: Taimanov: 5 Nc3 Qc7 6 Be3 a6 without Be2.} Bd6 8. O-O-O Be5 $1 9. g3 {White is slightly better.} Nge7 10. Qe2 O-O 11. f4 Bxd4 12. Bxd4 Nxd4 13. Rxd4 e5 14. Rd1 exf4 15. e5 f3 16. Qxf3 {[#]} Ng6 $146 ({Predecessor:} 16... Qxe5 17. Bg2 d6 18. Rhe1 Qg5+ 19. Kb1 Be6 20. Qxb7 d5 21. Nxd5 Nxd5 22. Bxd5 Rab8 {1-0 (49) Caruana,F (2813)-Movsesian,S (2677) Douglas 2016}) 17. Bg2 (17. Nd5 $5 {[%cal Rd5c7]} Qd8 18. Qa3 $14) 17... Rb8 18. Rhe1 b5 19. Nd5 Qa5 (19... Qd8 $14) 20. Kb1 (20. h4 $1 $18 {[%cal Rh4h5] And now h5 would win.} Re8 21. Kb1 Nxe5 22. Nf6+ gxf6 23. Qxf6) 20... Bb7 $16 21. h4 Rfe8 22. Qf5 (22. h5 $1 $16 {[%cal Rh5g6]} Ne7 23. Nf6+ $1 {[%mdl 512]} gxf6 24. Qg4+ {[%mdl 64] Double Attack} Kh8 25. exf6) 22... Ne7 $14 23. Nxe7+ Rxe7 24. Bxb7 Rxb7 25. Re4 Qb6 26. Red4 Qe6 27. Qxe6 (27. Qf3 {with more complications.} Rb8 28. Rd5 h6 29. a3 Rc8 30. R1d4) 27... Rxe6 {[%mdl 4096] Endgame KRR-KRR} 28. Rd5 (28. Rd6 {looks sharper.} Kf8 29. Rxe6 fxe6 30. Rd6 a5 31. Ra6) 28... Kf8 29. c3 b4 ({Black should play} 29... Rg6 $11) 30. cxb4 Rxb4 31. a3 Rb3 32. g4 Reb6 33. R1d2 Rxa3 34. Rxd7 Re3 35. Rf2 f6 36. exf6 Rxf6 37. Rxf6+ gxf6 38. Rxh7 $11 {KR-KR} Rg3 39. Rh6 Kg7 40. g5 fxg5 41. hxg5 a5 42. Rf6 (42. Ka2 {seems wilder.} Rxg5 43. Ra6 Rb5 44. Ka3 Kf7 45. Rd6) 42... Rxg5 43. Rf4 Rc5 44. Ka2 Re5 45. Ka3 Rb5 46. Rf2 Rc5 47. Ka4 Rd5 48. Rf3 Rd2 49. Rb3 Kf7 50. Kxa5 {Hoping for Rf3+.} Ke6 51. Kb6 Kd7 $2 {[%mdl 8192] [#] White now steadily converts the win.} (51... Kd5 $11) 52. Kb7 $1 {White mates.} Kd6 {[#]} 53. Rb5 $1 Rh2 54. b4 Rh7+ 55. Ka6 Rh4 56. Rb7 Rh1 57. b5 Ra1+ 58. Kb6 Kd5 59. Rh7 Rb1 60. Rc7 Kd6 61. Rc2 Ra1 62. Kb7 Rh1 63. b6 Kd7 64. Rd2+ Ke7 65. Kc7 Rc1+ 66. Kb8 Rb1 67. b7 Rb3 68. Rd4 Ke6 69. Kc7 Rc3+ 70. Kb6 Rb3+ 71. Kc6 Ke7 72. Rd5 Rb1 73. Rb5 Rc1+ 74. Kb6 Rd1 75. b8=Q Rd6+ {Accuracy: White = 85%, Black = 83%.} 1-0

[Event "Copenhagen Challenge IM 2020"]
[Site "Ballerup"]
[Date "2020.07.26"]
[Round "8.8"]
[White "Hove, Esben Kjems"]
[Black "Jepson, Christian"]
[Result "1/2-1/2"]
[WhiteElo "2324"]
[BlackElo "2377"]
[Annotator "TA"]
[PlyCount "51"]
[EventDate "2020.07.22"]
[EventType "tourn"]
[EventCountry "DEN"]
[SourceTitle "playchess.com"]
[Source "ChessBase"]
[SourceQuality "1"]

{[%evp 13,51,29,27,8,5,0,0,0,0,0,17,0,4,0,0,0,0,0,0,0,0,0,0,0,0,0,0,0,0,0,0,0,0,0,0,0,0,0,0,0]} 1. d4 f5 2. Nf3 Nf6 3. g3 e6 4. Bg2 d5 5. O-O Bd6 6. b3 b6 7. c4 O-O 8. Ba3 {A90: Dutch Defence: Miscellaneous and Modern Stonewall (with ...Bd6).} Bb7 {The position is equal.} 9. Bxd6 cxd6 10. cxd5 Nxd5 11. Qd2 Nd7 {[%cal Bb8d7,Bd7f6,Bf6d5][%mdl 32]} 12. Nc3 N7f6 13. Nxd5 Bxd5 {[#]} 14. Rfc1 $146 ({Predecessor:} 14. Rac1 Qd7 15. Ne1 Bxg2 16. Kxg2 Qb7+ 17. Kg1 Rae8 18. Nf3 h6 19. Rc2 Nd5 20. Rfc1 {0-1 (61) Tran,P (2298)-Sedlak,N (2547) Bayern 2018}) 14... Qd7 15. Ne1 Rac8 16. Bxd5 Nxd5 17. Nd3 Rxc1+ 18. Rxc1 Rc8 19. f3 Rxc1+ 20. Qxc1 h6 21. Kf2 Kf7 22. Qc2 Qb7 23. Qc1 Qd7 24. Qc2 Qb7 25. Qc1 Qd7 26. Qc2 {A rather calm draw. Accuracy: White = 100%, Black = 100%.} 1/2-1/2

[Event "Copenhagen Challenge IM 2020"]
[Site "Ballerup"]
[Date "2020.07.26"]
[Round "8.9"]
[White "Brynell, Stellan"]
[Black "Ingebretsen, Jens E"]
[Result "1-0"]
[WhiteElo "2414"]
[BlackElo "2182"]
[Annotator "TA"]
[PlyCount "111"]
[EventDate "2020.07.22"]
[EventType "tourn"]
[EventCountry "DEN"]
[SourceTitle "playchess.com"]
[Source "ChessBase"]
[SourceQuality "1"]

{[%evp 11,111,7,7,7,16,4,24,22,20,0,2,0,0,0,9,-7,0,0,0,0,0,0,25,27,25,3,13,18,15,13,18,19,16,9,9,9,9,9,14,11,8,6,6,0,29,22,29,20,20,28,24,22,129,125,178,172,152,138,145,145,145,145,152,0,150,0,149,108,135,138,138,0,161,139,144,153,154,134,396,389,380,381,352,345,489,458,704,666,904,851,4934,4930,29965,29966,29966,29967,29975,29968,29986,29985,29987,29986]} 1. d4 Nf6 2. Nf3 e6 3. c4 Bb4+ 4. Bd2 a5 5. Nc3 d5 6. e3 O-O 7. Rc1 {E11: Bogo-Indian.} b6 8. Bd3 {[#]} Ba6 $146 ({Predecessor:} 8... Bb7 9. O-O Nbd7 10. Qe2 Ne4 11. Rfd1 Nxd2 12. Rxd2 Nf6 13. Rdd1 Qe7 14. cxd5 exd5 15. a3 Bxc3 16. Rxc3 c5 17. Ne5 {0-1 (51) Zude,E (2398)-Epishin,V (2560) Hofheim 2016}) 9. Qe2 {White has an edge.} c5 10. dxc5 Nbd7 11. cxd5 Bxd3 12. Qxd3 Nxc5 13. Qd4 Bxc3 14. Bxc3 Qxd5 15. Qxd5 Nxd5 16. Ke2 Nxc3+ 17. Rxc3 Rfd8 18. Rd1 f6 19. Rxd8+ Rxd8 $11 {[%mdl 4096] Endgame KRN-KRN} 20. Nd2 Kf8 21. Nc4 Rb8 22. b3 Ne4 23. Rd3 Ke7 24. f3 Nc5 25. Rd4 Rb7 26. h4 h5 27. g4 e5 28. Rd5 hxg4 29. fxg4 Ne4 {Hoping for ...Nc3+.} 30. Kf3 Nc3 {[%mdl 64] [#] Double Attack} 31. Rd2 Rb8 (31... a4 $1 $11) 32. h5 $16 Nb5 (32... Ke6 $16) 33. a4 $18 Nc7 34. Nd6 Ne8 35. Nf5+ Ke6 36. Rc2 Kd7 37. Rd2+ Ke6 38. Rc2 Kd7 $1 39. Rc3 Ra8 40. Rd3+ Ke6 41. Rc3 ({White should try} 41. Kg2 $16) 41... Rb8 $2 (41... Kd7 $11) 42. Rc1 Kd5 43. Rc2 Ke6 44. Ke4 b5 $2 {[%mdl 8192] Black cannot hold the game after this.} (44... Kf7 $16 {was called for.}) 45. Rc6+ Kf7 {[#]} 46. Ra6 $1 bxa4 47. Ra7+ Kg8 (47... Kf8 {might work better.} 48. bxa4 Rb4+ {[%mdl 64] Double Attack} 49. Kd5 Rb8 50. Rxa5 Rd8+ 51. Kc6 Rc8+ 52. Kb7 Rc2) 48. bxa4 Rb4+ (48... Rd8 $142 49. h6 Kh7 50. hxg7 Nd6+ 51. Nxd6 Rxd6) 49. Kd5 Rxa4 {Now ...Rb4 and Black clings on.} 50. Ke6 Rxg4 51. Ra8 a4 52. Rxe8+ {White mates.} Kh7 53. Ra8 Rg5 54. Ra7 Rxh5 55. Rxg7+ Kh8 56. Ra7 {Accuracy: White = 95%, Black = 58%.} 1-0

[Event "Copenhagen Challenge IM 2020"]
[Site "Ballerup"]
[Date "2020.07.26"]
[Round "8.10"]
[White "Akdag, Dara"]
[Black "Vinter-Schou, Uffe"]
[Result "1/2-1/2"]
[WhiteElo "2244"]
[BlackElo "2349"]
[Annotator "TA"]
[PlyCount "79"]
[EventDate "2020.07.22"]
[EventType "tourn"]
[EventCountry "DEN"]
[SourceTitle "playchess.com"]
[Source "ChessBase"]
[SourceQuality "1"]

{[%evp 9,79,-21,1,-39,-18,-27,-23,-24,-16,-20,-31,-64,-45,-47,-28,-53,-37,-40,-30,-20,18,-18,-5,-20,0,-14,18,-13,0,-46,-44,-77,-22,-52,53,38,51,25,204,202,312,310,702,696,581,42,240,0,0,0,132,-798,-801,-789,-777,-1904,-163,-774,-736,-628,0,0,0,0,0,0,0,0,0,0,0,0]} 1. f4 g6 2. Nf3 Bg7 3. g3 d6 4. Bg2 e5 5. Nc3 Ne7 {[#]} 6. d4 $146 {A02: Bird's Opening.} ({Predecessor:} 6. O-O Nbc6 7. d3 O-O 8. Kh1 h6 9. e4 Be6 10. Be3 exf4 11. Bxf4 d5 12. Qe2 d4 {1-0 (41) Zarubitski,V (2416)-Silich,Y (2170) Kobrin 2019}) 6... exd4 $1 7. Nxd4 d5 8. Nb3 {[%cal Rc3d5] Black has an edge.} d4 9. Nb5 {[%cal Rb5d4]} c5 $1 10. a4 Nbc6 11. O-O c4 12. Nd2 $1 Be6 13. e4 O-O $1 14. Na3 Na5 15. Nf3 Qb6 16. Ng5 Bd7 17. Kh1 Rac8 18. e5 f6 19. Nf3 fxe5 ({Much worse is} 19... Bxa4 $6 20. Qxd4 fxe5 21. Qxb6 $14) 20. Nxe5 Bxa4 (20... Bxe5 $17 21. fxe5 Bc6) 21. Qe2 {[%cal Re5c4]} Bb5 ({Black should try} 21... Bxe5 $15 22. Qxe5 Bc6) 22. Nxb5 Qxb5 23. Bd2 (23. Nxc4 $5 Qxc4 24. Qxe7 $14) 23... Nec6 $2 {[#]} (23... b6 $11 {and Black stays safe.}) 24. b4 $1 $18 {[%mdl 512]} Bxe5 (24... d3 {might work better.} 25. cxd3 c3) (24... Nxb4 25. Rfb1) 25. fxe5 Nxb4 $2 (25... Qxe5 26. Qxe5 Nxe5 27. bxa5 Rxf1+ 28. Rxf1 Rc5 29. Bxb7 c3) 26. Rxf8+ Rxf8 27. Rxa5 $2 (27. e6 $18 {Strongly threatening e7.} Nac6 28. e7 Nxe7 29. Qxe7 {[%mdl 64] Double Attack}) 27... d3 $2 ({Better is} 27... Qxa5 $14 28. Qxc4+ {[%mdl 64] Double Attack} Kg7 29. Qxb4 Qxb4 30. Bxb4 Rc8) 28. Qg4 $2 ({But not} 28. Rxb5 $6 dxe2 29. Bxb7 Nxc2 $16) (28. Qe1 $18 Qxa5 29. Bxb4) 28... Qxa5 $11 29. Qxc4+ Kg7 (29... Rf7 $1 $11 30. h4 Qa1+ 31. Kh2 Nc6) 30. Bc3 $2 {[%mdl 8192]} (30. h4 $16 dxc2 31. e6) 30... dxc2 $19 31. e6+ {[#]} Rf6 $1 32. Qf4 (32. Bxf6+ Kxf6) 32... Qd8 $2 (32... Nd5 33. Bxf6+ Nxf6) 33. Be4 $2 {[#]} (33. h4) 33... Nd5 $1 34. e7 Nxf4 $2 (34... Qxe7 $19 35. Bxf6+ Qxf6 36. Qxf6+ Kxf6 37. Bxc2 a5) 35. Bxf6+ $11 {The position is equal.} Kh6 {[%cal Rc2c1] [#]} 36. Bg5+ $1 {[%mdl 576] Double Attack} Kg7 {[%cal Rc2c1] [#]} (36... Kxg5 37. exd8=Q+) 37. Bf6+ $1 {[%mdl 512]} Kh6 {[%cal Rc2c1] [#]} (37... Kxf6 38. exd8=Q+) 38. Bg5+ $1 {[%mdl 576] Double Attack} Kg7 {[%cal Rc2c1] [#]} (38... Kxg5 39. exd8=Q+) 39. Bf6+ $1 {[%mdl 512]} Kh6 {[%cal Rc2c1] [#]} (39... Kxf6 40. exd8=Q+) 40. Bg5+ $1 {[%mdl 576] Double Attack. Whites escaped into a draw. Accuracy: White = 42%, Black = 44%.} 1/2-1/2